| 000 | 00350nam a2200133Ia 4500 | ||
|---|---|---|---|
| 008 | 240624s9999 xx 000 0 und d | ||
| 041 | _aeng | ||
| 082 | _a338.954049 MRU | ||
| 100 | _aMRUDULA E | ||
| 245 | _aCHINA AND INDIA SO SIMILAR YET SO DIFFER | ||
| 260 |
_c2006 _aHyderabad _bICFAI press |
||
| 300 | _avi, : 192 : p. : cm. ; 23 | ||
| 365 |
_cRS _b50 |
||
| 999 |
_c6398 _d6398 |
||